000 00534nam a2200157Ia 4500
008 100122s9999 xx 000 0 und d
082 _b13991
_a823.08
100 _aकॅथर विला
245 _aसुंदर जीवन इथे लाभले
260 _bप.ना.देशमुख
_c1966
300 _a193
630 _aसुंदर जीवन इथे लाभले
700 _aहसमनीस द का
730 _aसुंदर जीवन इथे लाभले
942 _cBOOK
999 _c404682
_d404679